000 00503nam a2200145Ia 4500
041 _aArabic
082 _a323,6 cut-525 ب
100 _a20260118u\\\\\\\\\\\y0engy0103\\\\ba
100 _aعونى البزاز
245 0 _aاحكام ومواد القوانين والقرارات المتعلقة بالاحوال الشخصية النافذة في اقليم كوردستان - العراق
250 _aط1
260 _bمطبعة شهاب
_aاربيل
_c2009
300 _a145
942 _cBk
999 _c189569
_d189569